Emisia štátnych obligácií vo vybraných malých a veľkých ekonomikách v rámci EÚ od roku 2000 diplomová práca

Saved in:
Bibliographic Details
Main Author: Kulich, Boris
Corporate Author: Národohospodárska fakulta EU. Katedra bankovníctva a medzinárodných financií
Other Authors: Chovancová, Božena
Format: Book
Language:Slovak
Published: Bratislava 2010
Tags: Add Tag
No Tags, Be the first to tag this record!

MARC

LEADER 00000nam a2200000 4500
001 0119386
005 20240318122035.1
041 0 |a slo 
044 |a SK 
245 1 0 |a Emisia štátnych obligácií vo vybraných malých a veľkých ekonomikách v rámci EÚ od roku 2000  |b diplomová práca  |c Boris Kulich ; škol. Božena Chovancová 
264 1 |a Bratislava  |c 2010 
300 |a 80 s. 
100 1 |a Kulich, Boris 
700 1 |a Chovancová, Božena 
710 2 |a Národohospodárska fakulta EU. Katedra bankovníctva a medzinárodných financií